Revisio Violacearum Colombiae (Registro nro. 15821)
[ vista simple ]
| 000 -CABECERA | |
|---|---|
| Campo de control | 003140000a22001210004500 |
| 090 ## - CLASIFICACIÓN LOCAL | |
| Colección | As |
| Consecutivo | Seriadas |
| 041 0# - IDIOMA | |
| Código de idioma para texto/pista de sonido o título separado | |
| 100 1# - ASIENTO PRINCIPAL--NOMBRE PERSONAL | |
| Nombre personal | Smith, Lyman B. |
| 245 10 - MENCION DE TITULO | |
| Título | Revisio Violacearum Colombiae |
| 700 1# - ASIENTO SECUNDARIO - NOMBRE PERSONAL | |
| Nombre personal | Fernández Pérez, Alvaro |
| 773 1# - Item fuente: | |
| Título | Caldasia |
| Descripción física | 28 |
| Paginas del Articulo | 83-181 |
| Lugar, editorial y fecha de publicación | 1954 |
| Información sobre la relación | 6 |
| 942 ## - ELEMENTOS ADICIONALES (KOHA) | |
| Tipo de ítem | Artículo |
No hay ítems disponibles.